LEADER 01464nam--2200433---450- 001 990000934060203316 005 20050620141340.0 035 $a0093406 035 $aUSA010093406 035 $a(ALEPH)000093406USA01 035 $a0093406 100 $a20020131d1986----km-y0itay0103----ba 101 $aita 102 $aIT 105 $a||||||||001yy 200 1 $aErmeneutica e filosofia trascendentale$ela filosofia di Scheiermacher come progetto di comprensione dell'altro$fSegio Sorrentino 210 $aBologna$cCLUEB$d1986 215 $a359 p.$d22 cm 225 2 $aErmeneutica e fenomenologia$v2 410 $12001$aErmeneutica e fenomenologia$v2 461 1$1001-------$12001 606 0 $aSchleiermacher, Friedrich Daniel Ernst 676 $a193 700 1$aSORRENTINO,$bSergio$0147064 801 0$aIT$bsalbc$gISBD 912 $a990000934060203316 951 $aII.1.D. 1990(IV C COLL 461/2)$b125621$cIV C COLL 951 $aII.1.D. 1990a(IV C COLL 461/2 BIS)$b125621$cIV C COLL 951 $aII.1.D. 1990b(IV C COLL 461/2A)$b125622 LM$cIV C 959 $aBK 969 $aUMA 979 $aPATTY$b90$c20020131$lUSA01$h1505 979 $c20020403$lUSA01$h1736 979 $aPATRY$b90$c20040406$lUSA01$h1704 979 $aCOPAT5$b90$c20050620$lUSA01$h1412 979 $aCOPAT5$b90$c20050620$lUSA01$h1412 979 $aCOPAT5$b90$c20050620$lUSA01$h1413 996 $aErmeneutica e filosofia trascendentale$9193398 997 $aUNISA LEADER 02154nam2-2200433---450- 001 990003606990203316 005 20111228110352.0 010 $a978-92-9207-821-8 035 $a000360699 035 $aUSA01000360699 035 $a(ALEPH)000360699USA01 035 $a000360699 100 $a20111228d2010----km-y0itay0103----ba 101 $aita 102 $aLU 105 $a||||||||001yy 200 1 $aMigliorare le prestazioni di trasporto lungo gli assi ferroviari transeuropei$egli investimenti dell'UE nel settore delle infrastrutture ferroviarie sono stati efficaci?$fCorte dei Conti europea 210 $aLussemburgo$cUfficio delle pubblicazioni dell'Unione europea$d2010 215 $a71 p.$cill.$d30 cm 225 2 $aRelazione speciale$v8/2010 330 $aI volumi di trasporto in Europa dovrebbero continuare a crescere e le ferrovie europee dovranno affrontare sfide importanti. L?infrastruttura ferroviaria transeuropea necessita di sviluppi su larga scala e l?Unione europea ha investito somme significative nell?ambito della politica di coesione e della politica delle reti transeuropee. La corte ha esaminato l?efficacia di tali investimenti nelle infrastrutture. [abstract tratto dalla pubblicazione] 410 1$1001000351941$aRelazione speciale 606 0 $aLinee ferroviarie$xControllo di qualità$yPaesi dell'Unione europea$2BNCF 606 0 $aFerrovie$xInvestimenti$xValutazione$yPaesi dell'Unione europea$2BNCF 676 $a385.094 699 $a10.03$bFerrovie 710 02$aCorte dei conti europea$0541549 801 0$aIT$bsalbc$gISBD 856 4 $uhttp://bookshop.europa.eu/uri?target=EUB:NOTICE:QJAB10007:IT:HTML$4.$zAccesso libero online 856 4 $uhttp://eca.europa.eu$4.$zAccesso libero online 912 $a990003606990203316 951 $aCDE 10.03 (VII)$bCDE 2687$cCDE 10.03$d00151229 959 $aBK 969 $aCDE 979 $aMARIAS$b90$c20111228$lUSA01$h1059 979 $aMARIAS$b90$c20111228$lUSA01$h1102 979 $aMARIAS$b90$c20111228$lUSA01$h1103 996 $aMigliorare le prestazioni di trasporto lungo gli assi ferroviari transeuropei$91137071 997 $aUNISA LEADER 03800nam 22005415 450 001 9910392718303321 005 20250609110706.0 010 $a9781484257357 010 $a1484257359 024 7 $a10.1007/978-1-4842-5735-7 035 $a(CKB)4100000011033908 035 $a(DE-He213)978-1-4842-5735-7 035 $a(MiAaPQ)EBC6167052 035 $a(CaSebORM)9781484257357 035 $a(PPN)243764022 035 $a(OCoLC)1194018072 035 $a(OCoLC)on1194018072 035 $a(MiAaPQ)EBC6166871 035 $a(EXLCZ)994100000011033908 100 $a20200407d2020 u| 0 101 0 $aeng 135 $aurnn|008mamaa 181 $ctxt$2rdacontent 182 $cc$2rdamedia 183 $acr$2rdacarrier 200 10$aIntroducing the HTML5 Web Speech API $eYour Practical Introduction to Adding Browser-Based Speech Capabilities to your Websites and Online Applications /$fby Alex Libby 205 $a1st ed. 2020. 210 1$aBerkeley, CA :$cApress :$cImprint: Apress,$d2020. 215 $a1 online resource (XXI, 339 p. 66 illus.) 311 08$a9781484257340 311 08$a1484257340 320 $aIncludes bibliographical references and index. 327 $a1. Getting Started -- 2. Exploring the APIs in More Detail -- 3. Supporting Mobile Devices -- 4. Combining the APIs-Building a ChatBot -- 5. Project- Leaving Review Feedback -- 6. Project- Building Alexa -- 7. Project- Finding a Restaurant -- 8. Project- Finding and Playing Music -- 9. Project- Automating the Purchase Process -- Appendix: API Reference. 330 $aLeverage the power of HTML5 Web Speech API to quickly add voice capabilities to your websites. This project-oriented book simplifies the process of setting up and manipulating the API in the browser using little more than a text editor or free software. You'll be presented with a starting toolset that you can use to develop future projects, incorporate into your existing workflow and allow you to take your websites to the next level, reducing the reliance on entering choices through a keyboard and making the overall experience easier for customers. This excellent resource is perfect for getting acquainted with creating and manipulating browser-based APIs. You don?t have to convert your whole work process immediately; you can incorporate as little or as much as you want of the API, and build on this as your skills develop. We live in an age where speed and simplicity are of the essence ? this book provides a perfect way to add speech capabilities to our websites, directly in the browser and with the minimum of fuss. Introducing the HTML5 Web Speech API is the right choice for developers who want to focus on simplicity to produce properly optimized content in modern browsers using tools already in their possession. You will: Implement the Web Speech API in a project Explore some of the options for personalizing them for a project Gain an appreciation of pointers around user experience and how this affects the API Understand how to manage issues and security when using the API Work through some example projects, from standalone demos to implementing with other tools or libraries. 517 3 $aIntroducing the HyperText Markup Language five Web Speech Application Program Interface 606 $aComputer programming 606 $aWeb Development$3https://scigraph.springernature.com/ontologies/product-market-codes/I29050 615 0$aComputer programming. 615 14$aWeb Development. 676 $a005.72 700 $aLibby$b Alex$4aut$4http://id.loc.gov/vocabulary/relators/aut$0854085 801 0$bMiAaPQ 801 1$bMiAaPQ 801 2$bMiAaPQ 906 $aBOOK 912 $a9910392718303321 996 $aIntroducing the HTML5 Web Speech API$92506762 997 $aUNINA